<?xml version="1.0" encoding="UTF-8"?>
<marc:record xmlns:marc="http://www.loc.gov/MARC21/slim">
   <marc:leader>00000nam a2200000 a 4500</marc:leader>
   <marc:datafield ind1="1" ind2=" " tag="100">
      <marc:subfield code="a">Dünkelberg-Niemann, Inga</marc:subfield>
      <marc:subfield code="4">aut</marc:subfield>
      <marc:subfield code="e">Verfasser/-in</marc:subfield>
   </marc:datafield>
   <marc:datafield ind1=" " ind2=" " tag="653">
      <marc:subfield code="a">Anleitung</marc:subfield>
   </marc:datafield>
   <marc:datafield ind1=" " ind2=" " tag="653">
      <marc:subfield code="a">Basteln</marc:subfield>
   </marc:datafield>
   <marc:datafield ind1=" " ind2=" " tag="653">
      <marc:subfield code="a">Kreativität</marc:subfield>
   </marc:datafield>
   <marc:datafield ind1=" " ind2=" " tag="653">
      <marc:subfield code="a">Filzen</marc:subfield>
   </marc:datafield>
   <marc:datafield ind1="0" ind2="0" tag="245">
      <marc:subfield code="a">Kreativ-Workshop Filzen</marc:subfield>
   </marc:datafield>
   <marc:datafield ind1="0" ind2="0" tag="245">
      <marc:subfield code="b">mit der Künstlerin Inga Dünkelberg-Niemann ; [Schritt für Schritt erklärt ; Praxiswissen aus der Filzschule ; über 60 Filzideen]</marc:subfield>
   </marc:datafield>
   <marc:datafield ind1=" " ind2="1" tag="264">
      <marc:subfield code="b">Frech</marc:subfield>
      <marc:subfield code="c">2013</marc:subfield>
   </marc:datafield>
   <marc:datafield ind1="1" ind2=" " tag="490">
      <marc:subfield code="a">Topp</marc:subfield>
   </marc:datafield>
   <marc:datafield ind1="1" ind2=" " tag="520">
      <marc:subfield code="a">Klappentext: kreativ workshop Filzen. Schritt für Schritt zum Erfolg mit der Filzkünstlerin. Der Workshop führt vom ersten Filzerlebnis zum sicheren Beherrschen der verschiedensten Techniken des Nassfilzens. Das Besondere: Die erfahrene Kursleiterin erklärt, wie man mit wenig Wasser filzt nie wieder Überschwemmungen! Über 200 Arbeitsschrittfotos zeigen die einzelnen Arbeitsschritte deutlich. Über 60 inspirierende Filzideen zum Nacharbeiten oder als Inspiration für eigene Projekte.</marc:subfield>
   </marc:datafield>
   <marc:datafield ind1=" " ind2=" " tag="020">
      <marc:subfield code="a">9783772450624</marc:subfield>
      <marc:subfield code="9">9783772450624</marc:subfield>
   </marc:datafield>
</marc:record>
